00553nam a22002057a 450000500170000001000110001702000100002803500110003803700160004904000120006508200170007710000290009424500480012326000200017127000280019130000190021950000410023865000460027965000220032520170124110210.0 a619754 c00.00 a619754 bCen Lib/Ret aDPLbEN a181.499bMET aMethorst-Kuiper, A. J. G aKrishnamurti /cby A. J. G. Methorst-Kuiper bChetanaaBombay bBombaya34, Rampart Row a81p.c16cm(Hb) aIncludes bibliographical references  aKrishnamurti, J. -- (Jiddu), -- 1895-1986 aPhilosophy, Indic